Statistics for All United States Counties by Larger Proximity in 60 Seconds

Click here to take the quiz!

General Stats

  • This quiz has been taken 16,275 times
  • The average score is 2420 of 3142

Answers on the Map

Answers color-coded by a green-red scale on the quiz's map according to % correct below.
Loading ...
 

Answer Stats

StateCounty% Correct
PAAdams
96%
VAAlbemarle
96%
NCAlexander
96%
VAAlexandria
96%
MDAllegany
96%
MDAnne Arundel
96%
VAArlington
96%
MDBaltimore
96%
INBartholomew
96%
PABedford
96%
WVBerkeley
96%
PABerks
96%
IN | KYBoone
96%
INBrown
96%
MDCalvert
96%
KYCampbell
96%
VACaroline
96%
KY | MDCarroll
96%
MDCharles
96%
VACharlottesville
96%
VAClarke
96%
INClay
96%
INClinton
96%
GAColumbia
96%
VACulpeper
96%
INDearborn
96%
INDecatur
96%
DCDistrict of Columbia
96%
GAElbert
96%
VAEssex
96%
VAFairfax
96%
VAFalls Church
96%
VAFauquier
96%
INFayette
96%
INFountain
96%
IN | PAFranklin
96%
VAFredericksburg
96%
MD | VAFrederick
96%
IAFremont
96%
PAFulton
96%
IL | KYGallatin
96%
KYGrant
96%
IN | OHHamilton
96%
WVHampshire
96%
INHancock
96%
KYHarrison
96%
INHendricks
96%
IN | KYHenry
96%
MDHoward
96%
IN | WVJefferson
96%
INJennings
96%
INJohnson
96%
KYKenton
96%
MDKent
96%
VAKing George
96%
GALincoln
96%
VALoudoun
96%
VALouisa
96%
INMadison
96%
VAManassas Park
96%
VAManassas
96%
INMarion
96%
WVMineral
96%
INMonroe
96%
IN | MDMontgomery
96%
IN | WVMorgan
96%
INOhio
96%
VAOrange
96%
IN | KYOwen
96%
INParke
96%
KYPendleton
96%
MDPrince George's
96%
VAPrince William
96%
INPutnam
96%
MDQueen Anne's
96%
VARappahannock
96%
INRipley
96%
INRush
96%
KYScott
96%
INShelby
96%
VAShenandoah
96%
VASpotsylvania
96%
VAStafford
96%
MDSt. Mary's
96%
INSwitzerland
96%
MDTalbot
96%
INTipton
96%
KYTrimble
96%
INUnion
96%
INVermillion
96%
INVigo
96%
VAWarren
96%
MDWashington
96%
INWayne
96%
VAWestmoreland
96%
GAWilkes
96%
VAWinchester
96%
SCAbbeville
95%
NCAlleghany
95%
MOAtchison
95%
KYBarren
95%
GABibb
95%
GABleckley
95%
NYBronx
95%
VABrunswick
95%
NEBurt
95%
KY | OHButler
95%
NCCabarrus
95%
KYCaldwell
95%
NECass
95%
NCCatawba
95%
VAChesterfield
95%
ARCleburne
95%
NYColumbia
95%
MOCooper
95%
GACrawford
95%
KYCrittenden
95%
NCDavidson
95%
NCDavie
95%
KYDaviess
95%
NYDelaware
95%
VADinwiddie
95%
NEDouglas
95%
NYDutchess
95%
ILEdgar
95%
KYEdmonson
95%
CTFairfield
95%
NCForsyth
95%
GAFranklin
95%
VAGalax
95%
KY | VAGrayson
95%
NYGreene
95%
KYHancock
95%
ILHardin
95%
IAHarrison
95%
GA | KYHart
95%
KYHenderson
95%
KYHopkins
95%
GAHouston
95%
NCIredell
95%
CTLitchfield
95%
KYLogan
95%
VALunenburg
95%
SCMcCormick
95%
KYMcLean
95%
VAMecklenburg
95%
VAMiddlesex
95%
IAMills
95%
MOMoniteau
95%
IAMonona
95%
KYMuhlenberg
95%
NYNassau
95%
VANew Kent
95%
MONodaway
95%
VANottoway
95%
KYOhio
95%
INPosey
95%
IAPottawattamie
95%
NYPutnam
95%
GARichmond
95%
NCRowan
95%
NESarpy
95%
PASchuylkill
95%
GAStephens
95%
NCStokes
95%
NCSurry
95%
GATwiggs
95%
NYUlster
95%
KYUnion
95%
INVanderburgh
95%
KYWarren
95%
NEWashington
95%
KYWebster
95%
NYWestchester
95%
NCWilkes
95%
GAWilkinson
95%
NCYadkin
95%
IA | KYAdair
94%
IA | OHAdams
94%
SCAiken
94%
KY | SCAnderson
94%
MOAndrew
94%
NCAshe
94%
MOAudrain
94%
GABaldwin
94%
GABarrow
94%
IABenton
94%
MABerkshire
94%
NCBertie
94%
MOBoone
94%
KSBourbon
94%
KYBoyle
94%
KYBracken
94%
KYBreckinridge
94%
IABuena Vista
94%
KYBullitt
94%
NCBuncombe
94%
GAButts
94%
NCCaldwell
94%
IACalhoun
94%
MOCallaway
94%
MOCamden
94%
TNCarter
94%
KYCasey
94%
IACass
94%
MOCedar
94%
VACharles City
94%
IA | SCCherokee
94%
GA | IAClarke
94%
INClark
94%
IAClay
94%
GAClayton
94%
GACobb
94%
MOCole
94%
VAColonial Heights
94%
PAColumbia
94%
ARConway
94%
OHCoshocton
94%
GACoweta
94%
IA | KS | OHCrawford
94%
NEDakota
94%
MODallas
94%
GADeKalb
94%
INDelaware
94%
MODent
94%
GADodge
94%
NCEdgecombe
94%
SCEdgefield
94%
VAEmporia
94%
OHFairfield
94%
ARFaulkner
94%
GA | KYFayette
94%
KY | MO | NC | VAFranklin
94%
GAFulton
94%
KYGarrard
94%
MOGasconade
94%
GAGlascock
94%
VAGloucester
94%
GA | IAGreene
94%
KYGreen
94%
VAGreensville
94%
SCGreenville
94%
SCGreenwood
94%
IAGrundy
94%
GAGwinnett
94%
NCHalifax
94%
ILHamilton
94%
MAHampden
94%
GAHancock
94%
IA | KYHardin
94%
TXHarris
94%
CTHartford
94%
NCHaywood
94%
NCHenderson
94%
GAHenry
94%
NCHertford
94%
OHHocking
94%
VAHopewell
94%
MOIron
94%
GA | NCJackson
94%
VAJames City
94%
GA | IAJasper
94%
KYJessamine
94%
GA | TNJohnson
94%
GAJones
94%
OHKnox
94%
GALamar
94%
PALancaster
94%
KYLaRue
94%
GA | SCLaurens
94%
INLawrence
94%
PALebanon
94%
KYLewis
94%
OHLicking
94%
KSLinn
94%
ARLonoke
94%
GAMacon
94%
NCMadison
94%
MOMaries
94%
KYMarion
94%
IA | KSMarshall
94%
NCMartin
94%
NCMcDowell
94%
GAMcDuffie
94%
KYMeade
94%
NCMecklenburg
94%
KY | MOMercer
94%
KYMetcalfe
94%
CTMiddlesex
94%
MOMiller
94%
GAMonroe
94%
IA | TXMontgomery
94%
GA | MOMorgan
94%
OHMorrow
94%
OHMuskingum
94%
NCNash
94%
KYNelson
94%
CTNew Haven
94%
CTNew London
94%
GANewton
94%
KYNicholas
94%
NCNorthampton
94%
GA | SCOconee
94%
GAOglethorpe
94%
IAPage
94%
GAPeach
94%
AR | OHPerry
94%
VAPetersburg
94%
SCPickens
94%
GA | OHPike
94%
NCPitt
94%
IA | MO | NCPolk
94%
ARPrairie
94%
VAPrince George
94%
GA | MOPulaski
94%
GAPutnam
94%
INRandolph
94%
MOReynolds
94%
NERichardson
94%
OHRichland
94%
IARinggold
94%
KYRobertson
94%
GARockdale
94%
OHRoss
94%
NCRutherford
94%
IASac
94%
ILSaline
94%
SCSaluda
94%
OHScioto
94%
INScott
94%
MOShannon
94%
PASomerset
94%
VASouthampton
94%
GASpalding
94%
SCSpartanburg
94%
KYSpencer
94%
IAStory
94%
NYSuffolk
94%
IN | NH | TNSullivan
94%
VASurry
94%
VASussex
94%
IATama
94%
GA | IA | KYTaylor
94%
CTTolland
94%
NCTransylvania
94%
IA | SCUnion
94%
GAUpson
94%
ARVan Buren
94%
NCVance
94%
MOVernon
94%
OHVinton
94%
GAWalton
94%
GA | IA | NCWarren
94%
GA | IN | KY | MOWashington
94%
NCWatauga
94%
ILWayne
94%
ILWhite
94%
VAWilliamsburg
94%
KYWoodford
94%
NCYancey
94%
ILAlexander
93%
KYAllen
93%
IAAppanoose
93%
OHAshland
93%
IAAudubon
93%
VAAugusta
93%
NCAvery
93%
KYBallard
93%
WVBarbour
93%
SCBarnwell
93%
MOBarton
93%
ARBaxter
93%
IABlack Hawk
93%
PABlair
93%
IABoone
93%
OHBrown
93%
GA | NCBurke
93%
AL | IAButler
93%
ARCalhoun
93%
PACambria
93%
KYCarlisle
93%
IACarroll
93%
MDCecil
93%
NHCheshire
93%
PAChester
93%
ALChoctaw
93%
MSClarke
93%
ILClark
93%
IL | TNClay
93%
OHClermont
93%
AR | NCCleveland
93%
OHClinton
93%
ILColes
93%
IL | IN | MOCrawford
93%
ALCrenshaw
93%
GACrisp
93%
IL | PACumberland
93%
NECuming
93%
MODade
93%
AR | IADallas
93%
WIDane
93%
PADauphin
93%
INDaviess
93%
IADecatur
93%
OHDelaware
93%
ARDesha
93%
NEDixon
93%
NEDodge
93%
GADooly
93%
GADougherty
93%
INDubois
93%
ILEdwards
93%
ILEffingham
93%
GAEmanuel
93%
OHFayette
93%
KYFleming
93%
INFloyd
93%
VAFluvanna
93%
MA | OHFranklin
93%
ARGarland
93%
MDGarrett
93%
NCGaston
93%
INGibson
93%
VAGoochland
93%
AR | WVGrant
93%
KYGraves
93%
IN | MO | MS | VAGreene
93%
WIGreen
93%
KYGreenup
93%
IAGuthrie
93%
VAHanover
93%
TXHardin
93%
WVHardy
93%
MDHarford
93%
VAHarrisonburg
93%
INHarrison
93%
GAHarris
93%
VAHenrico
93%
ALHenry
93%
KYHickman
93%
OHHighland
93%
TXHouston
93%
MOHowell
93%
IAIda
93%
IAIowa
93%
VAIsle of Wight
93%
IN | OH | TNJackson
93%
IL | MO | MSJasper
93%
GA | IA | KYJefferson
93%
ILJohnson
93%
IAKeokuk
93%
VAKing and Queen
93%
VAKing William
93%
INKnox
93%
IL | MOLawrence
93%
SCLexington
93%
TXLiberty
93%
NCLincoln
93%
IALucas
93%
KYLyon
93%
TNMacon
93%
IA | OH | VAMadison
93%
IAMahaska
93%
GA | IA | OHMarion
93%
INMartin
93%
KYMason
93%
VAMathews
93%
KYMcCracken
93%
GAMcIntosh
93%
GAMeriwether
93%
NHMerrimack
93%
MOMississippi
93%
NCMitchell
93%
AR | IA | KYMonroe
93%
AL | MOMontgomery
93%
KSNemaha
93%
SCNewberry
93%
DENew Castle
93%
AR | MO | MSNewton
93%
KYOldham
93%
INOrange
93%
MOOregon
93%
MOOsage
93%
AROuachita
93%
VAPage
93%
WVPendleton
93%
IN | PAPerry
93%
MOPhelps
93%
OHPickaway
93%
INPike
93%
IA | WVPocahontas
93%
TXPolk
93%
ARPope
93%
KSPottawatomie
93%
IAPoweshiek
93%
VAPowhatan
93%
OHPreble
93%
WVPreston
93%
ILPulaski
93%
MO | TNPutnam
93%
WVRandolph
93%
ILRichland
93%
VARichmond
93%
KSRiley
93%
NH | VARockingham
93%
VTRutland
93%
MO | NESaline
93%
TXSan Jacinto
93%
GASchley
93%
MOSchuyler
93%
MOScott
93%
IA | KYShelby
93%
KYSimpson
93%
TNSmith
93%
PASnyder
93%
INSpencer
93%
NEStanton
93%
VAStaunton
93%
NHStrafford
93%
MOSullivan
93%
TNSumner
93%
GASumter
93%
GATalbot
93%
GATaliaferro
93%
MOTexas
93%
NEThurston
93%
GATift
93%
KYTodd
93%
GATreutlen
93%
TXTrinity
93%
TNTrousdale
93%
WVTucker
93%
TNUnicoi
93%
IL | OHUnion
93%
ILWabash
93%
TXWalker
93%
IAWapello
93%
OHWarren
93%
INWarrick
93%
IA | TNWashington
93%
VAWaynesboro
93%
IA | MSWayne
93%
IAWebster
93%
GAWilcox
93%
ILWilliamson
93%
VTWindham
93%
VTWindsor
93%
IAWinnebago
93%
IAWoodbury
93%
MOWorth
93%
ARYell
93%
PA | VAYork
93%
WIAdams
92%
KSAllen
92%
ARArkansas
92%
ARAshley
92%
ALAutauga
92%
GABaker
92%
GABanks
92%
NHBelknap
92%
GABen Hill
92%
GABerrien
92%
MOBollinger
92%
ARBoone
92%
ARBradley
92%
IABremer
92%
MOBuchanan
92%
ALBullock
92%
GACalhoun
92%
GACandler
92%
MDCaroline
92%
NHCarroll
92%
NECedar
92%
TXChambers
92%
KSCherokee
92%
ARChicot
92%
LAClaiborne
92%
ALClarke
92%
KSCloud
92%
MSCoahoma
92%
NEColfax
92%
WIColumbia
92%
ALConecuh
92%
ILCook
92%
NHCoos
92%
VACraig
92%
MECumberland
92%
ALDale
92%
MODaviess
92%
IADavis
92%
KSDoniphan
92%
MDDorchester
92%
MODouglas
92%
ARDrew
92%
ALEscambia
92%
MAEssex
92%
GAEvans
92%
ILFayette
92%
NEFillmore
92%
TXFort Bend
92%
ILFranklin
92%
ARFulton
92%
NEGage
92%
MOGentry
92%
VAGiles
92%
NHGrafton
92%
INGrant
92%
NEGreeley
92%
ALGreene
92%
WIGreen Lake
92%
GAHabersham
92%
ALHale
92%
NHHillsborough
92%
MOHolt
92%
IN | MO | NEHoward
92%
PAHuntingdon
92%
WIIowa
92%
GAIrwin
92%
ILJackson
92%
AR | NEJefferson
92%
GAJenkins
92%
ARJohnson
92%
IAJones
92%
WIJuneau
92%
PAJuniata
92%
MSKemper
92%
NEKnox
92%
MOLaclede
92%
WILa Crosse
92%
NELancaster
92%
MSLauderdale
92%
AR | GALee
92%
AR | LALincoln
92%
IALinn
92%
KYLivingston
92%
ARLogan
92%
ALLowndes
92%
ALMacon
92%
MO | NEMadison
92%
ALMarengo
92%
ARMarion
92%
WIMarquette
92%
KYMarshall
92%
ILMassac
92%
PAMifflin
92%
GAMiller
92%
GAMitchell
92%
AR | GAMontgomery
92%
NENance
92%
NENemaha
92%
KSNeosho
92%
MSNeshoba
92%
MONew Madrid
92%
VANewport News
92%
PANorthumberland
92%
MSNoxubee
92%
NEOtoe
92%
OKOttawa
92%
MOOzark
92%
IL | MOPerry
92%
MOPettis
92%
ARPhillips
92%
TNPickett
92%
NEPierce
92%
ALPike
92%
ILPope
92%
VAPoquoson
92%
ARPulaski
92%
GA | ILRandolph
92%
WIRichland
92%
ALRussell
92%
ARSaline
92%
FLSanta Rosa
92%
WISauk
92%
NESaunders
92%
GASeminole
92%
NESeward
92%
MOSte. Genevieve
92%
ILStephenson
92%
MOSt. Francois
92%
ALSumter
92%
GATattnall
92%
GATelfair
92%
GATerrell
92%
NEThayer
92%
INTippecanoe
92%
GAToombs
92%
GATurner
92%
AR | LAUnion
92%
AL | MSWashington
92%
WIWaushara
92%
GAWebster
92%
GAWheeler
92%
ARWhite
92%
MSWinston
92%
MAWorcester
92%
GA | IAWorth
92%
VAWythe
92%
ME | SCYork
92%
ILAdams
91%
KSAnderson
91%
MEAndroscoggin
91%
NEAntelope
91%
GAAppling
91%
KSAtchison
91%
OHAthens
91%
GAAtkinson
91%
GABacon
91%
ALBarbour
91%
MOBarry
91%
KYBath
91%
KYBell
91%
INBlackford
91%
TNBlount
91%
MSBolivar
91%
ILBond
91%
NEBoone
91%
KYBourbon
91%
TXBrazoria
91%
KYBreathitt
91%
KSBrown
91%
ILBureau
91%
NEButler
91%
ILCalhoun
91%
TNCampbell
91%
MOCape Girardeau
91%
PACarbon
91%
AR | IN | MO | VACarroll
91%
KY | MOCarter
91%
INCass
91%
PACentre
91%
MOChariton
91%
KSChase
91%
NCChatham
91%
GAChattahoochee
91%
NYChenango
91%
NCCherokee
91%
IL | MOChristian
91%
KY | OHClark
91%
GA | KS | KY | NCClay
91%
PAClearfield
91%
IL | KYClinton
91%
AL | GACoffee
91%
KSCoffey
91%
GAColquitt
91%
AL | MSCovington
91%
KYCumberland
91%
OHDarke
91%
IA | PADelaware
91%
WIDodge
91%
KSDouglas
91%
IADubuque
91%
GAEarly
91%
LAEast Carroll
91%
KYElliott
91%
VTEssex
91%
KYEstill
91%
MNFaribault
91%
TNFentress
91%
VAFloyd
91%
MSForrest
91%
GAForsyth
91%
MEFranklin
91%
ILFulton
91%
TXGalveston
91%
KSGeary
91%
ALGeneva
91%
GAGrady
91%
NCGraham
91%
WIGrant
91%
NCGranville
91%
ILGreene
91%
TXGrimes
91%
NCGuilford
91%
GA | NEHall
91%
KYHarlan
91%
OHHarrison
91%
MO | VAHenry
91%
OHHolmes
91%
AL | MNHouston
91%
IA | KS | KYJackson
91%
INJay
91%
GAJeff Davis
91%
MSJefferson Davis
91%
IL | KS | MO | +2 othersJefferson
91%
ILJersey
91%
ILJo Daviess
91%
NEJohnson
91%
MSJones
91%
KYKnott
91%
KY | TNKnox
91%
AR | WILafayette
91%
MSLamar
91%
KYLaurel
91%
MSLawrence
91%
KYLee
91%
PALehigh
91%
TXLeon
91%
KY | MO | SDLincoln
91%
TNLoudon
91%
PALuzerne
91%
KSLyon
91%
MO | NCMacon
91%
ILMacoupin
91%
AR | IL | KYMadison
91%
KYMagoffin
91%
IL | MSMarion
91%
VAMartinsville
91%
WVMason
91%
KYMcCreary
91%
OHMeigs
91%
KYMenifee
91%
NEMerrick
91%
KS | OHMiami
91%
MAMiddlesex
91%
WVMingo
91%
AL | IL | MO | TNMonroe
91%
IL | KY | OH | VAMontgomery
91%
PAMontour
91%
NCMoore
91%
LAMorehouse
91%
KY | OHMorgan
91%
KSMorris
91%
PANorthampton
91%
IAO'Brien
91%
ILOgle
91%
VTOrange
91%
KSOsage
91%
NYOtsego
91%
KSOttawa
91%
TNOverton
91%
KYOwsley
91%
MEOxford
91%
VAPatrick
91%
NEPawnee
91%
AL | MSPerry
91%
GAPierce
91%
MSPike
91%
NEPlatte
91%
AR | NEPolk
91%
WIPortage
91%
KYPowell
91%
KY | VAPulaski
91%
GAQuitman
91%
GARabun
91%
VARadford
91%
NCRandolph
91%
MORay
91%
KSRepublic
91%
MORipley
91%
TNRoane
91%
VARoanoke
91%
TXRobertson
91%
KYRockcastle
91%
NCRockingham
91%
WIRock
91%
KYRowan
91%
KY | VARussell
91%
AR | TN | VAScott
91%
ARSearcy
91%
KSShawnee
91%
IL | MOShelby
91%
IASioux
91%
MSSmith
91%
MOSt. Charles
91%
MOSt. Clair
91%
GAStewart
91%
ARSt. Francis
91%
MOSt. Louis
91%
MOStoddard
91%
MO | MSStone
91%
MOTaney
91%
GAThomas
91%
GATowns
91%